[Event "Asuncion CIT op"]
[Site "Asuncion"]
[Date "2023.08.13"]
[Round "2"]
[White "Morinigo Martinez, Facundo Sebastian"]
[Black "Franco Gonzalez, Paul"]
[Result "0-1"]
[WhiteElo "1047"]
[BlackElo "1392"]
[PlyCount "96"]
[EventDate "2023.08.12"]
[EventType "swiss"]
[EventRounds "9"]
[EventCountry "PAR"]
[SourceTitle "CBM 215 Extra"]
[Source "ChessBase"]
[SourceDate "2023.09.30"]
[SourceVersion "1"]
[SourceVersionDate "2023.09.30"]
[SourceQuality "1"]

1. e4 c5 2. Nf3 Nc6 3. c3 d6 4. Bb5 Bd7 5. d4 a6 6. Ba4 b5 7. Bc2 e6 8. d5 Ne5 9. Nxe5 dxe5 10. d6 Qb6 11. Be3 Qxd6 12. 0-0 Nf6 13. Qxd6 Bxd6 14. Rd1 Be7 15. Nd2 Ng4 16. Nf3 Nxe3 17. fxe3 f6 18. Rd2 Bc6 19. a3 Kf7 20. b4 c4 21. a4 Rhd8 22. Rxd8 Rxd8 23. a5 g5 24. g4 Kg6 25. Kf2 Rd6 26. Rh1 h5 27. gxh5+ Kxh5 28. h3 Bd8 29. Bd1 Kg6 30. h4 Bxe4 31. h5+ Kh6 32. Kg3 Bc7 33. Kg4 f5+ 34. Kg3 g4 35. Nxe5 Bxh1 36. Nf7+ Kxh5 37. Nxd6 Bxd6+ 38. Kf2 Kh4 39. Kg1 Bf3 40. Bxf3 gxf3 41. Kf2 Kg4 42. Kg1 Be5 43. Kf2 Bxc3 44. e4 Bd4+ 45. Kf1 fxe4 46. Ke1 Kg3 47. Kf1 e3 48. Kg1 e2+ 0-1